Famous ROBLOX Places - Statistics

General Stats
  • This quiz has been taken 115 times
  • The average score is 3 of 13
Answer Stats
Hint Answer % Correct
Famous Disaster Game Natural Disaster Survival
68%
A Catalog Game Catalog Heaven
58%
A fun Survival game with bombs Super Bomb Survival
34%
A game Based on Prop hunt and Block Hunt Blox Hunt
32%
A game Based on Gmod's Elevator Source The Normal Elevator
19%
Most Favorited Game Survive the Disasters
18%
Most popular RPG game ROBLOX High School
16%
ROBLOX's Hardest Level Speed run 4
14%
Most Visited Game Work At the Pizza Place
12%
First Game to Reach 1 million Visits Paintball
11%
A classic Sword Fight Game Sword Fight on the Heights
11%
A adventure in Paper Robloxia Super Paper ROBLOX
8%
Style Competition ROBLOX's Top model
2%
No matching quizzes found
Score Distribution
Percent of People with Each Score
Percentile by Number Answered
Your Score History
You have not taken this quiz